| 000 | 00564nam a2200145Ia 4500 | ||
|---|---|---|---|
| 008 | 170221s9999 xx 000 0 und d | ||
| 100 | _aAnatoly Vladimirovich Isaenko | ||
| 245 | _aStudy of the Quality of Public Services in Public Catering Companies: Methodology, Analysis and Assessment | ||
| 245 | _cAnatoly Vladimirovich Isaenko, Aleksey Vasilievich Korolev | ||
| 260 | _bInternational Review of Management and Marketing | ||
| 260 | _c2016 | ||
| 300 | _a15 : 9 | ||
| 650 | _xMarketing. | ||
| 856 | _uhttp://www.econjournals.com/index.php/irmm/issue/view/83 | ||
| 999 |
_c312296 _d312296 |
||